000 01871nam a22004814a 4500
001 ebr10227051
003 CaPaEBR
006 m u
007 cr cn|||||||||
008 051101s2006 pau sb 001 0 eng
010 _z 2005056875
015 _aGBA637082
_2bnb
016 7 _z013437969
_2Uk
020 _z9781592134984
020 _z1592134963 (cloth : alk. paper)
020 _z1592134971 (pbk. : alk. paper)
020 _z9781592134960
020 _z9781592134977
040 _aCaPaEBR
_cCaPaEBR
035 _a(OCoLC)568535513
043 _an-us---
050 1 4 _aHN59.2
_b.E28 2006eb
082 0 4 _a361.10973
_222
100 1 _aEdy, Jill A.,
_d1966-
245 1 0 _aTroubled pasts
_h[electronic resource] :
_bnews and the collective memory of social unrest /
_cJill A. Edy.
260 _aPhiladelphia :
_bTemple University Press,
_c2006.
300 _aviii, 230 p.
504 _aIncludes bibliographical references (p. [213]-224) and index.
533 _aElectronic reproduction.
_bPalo Alto, Calif. :
_cebrary,
_d2013.
_nAvailable via World Wide Web.
_nAccess may be limited to ebrary affiliated libraries.
611 2 0 _aDemocratic National Convention
_d(1968 :
_cChicago, Ill.)
650 0 _aLong-term memory
_zUnited States.
650 0 _aRiots
_zCalifornia
_zLos Angeles.
650 0 _aSocial change
_zUnited States.
650 0 _aSocial movements
_zUnited States.
650 0 _aSocial problems in mass media.
650 0 _aSocial problems
_zUnited States.
651 0 _aUnited States
_xPolitics and government.
651 0 _aUnited States
_xSocial conditions.
651 0 _aWatts (Los Angeles, Calif.)
_xSocial conditions.
655 7 _aElectronic books.
_2local
710 2 _aebrary, Inc.
856 4 0 _uhttp://site.ebrary.com/lib/rucke/Doc?id=10227051
_zAn electronic book accessible through the World Wide Web; click to view
999 _c27571
_d27571